00473nam a2200193 a 4500001001300000003000900013005001700022008004100039020001000080082001300090100002100103245002200124260004500146300000900191500003500200505001000235650001300245700002100258nice12345678IN_TiNIC20260116011559.0050524s1926 lona grp 000 0 eng  ac10000a230bHOR aHorton, Robert F aCapacity for God. aLondonbGeorge Allen and Unwin Ltdc1926 a275p aincludes index and biblioraphy2 aIndex aTheology1 aHorton, Robert F